Champion d'arènes + Conseil 4 + Villes + Badges Pokémon Johto - Statistiques

Statistiques générales
  • Ce quiz a été pris 389 fois
    387 depuis la dernière actualisation
  • Le résultat moyen est 20 sur 30
Statistiques - réponses
Indice Réponse % Correct
Dragon Peter
94%
Normal Blanche
93%
Doublonville
90%
Vol Albert
88%
Combat Aldo
88%
Poison Koga
87%
Insecte Hector
86%
Spectre Mortimer
86%
Acier Jasmine
85%
Mauville
85%
Dragon Sandra
84%
Combat Chuck
83%
Glace Frédo
80%
Rosalia
78%
Oliville
77%
Psy Clément
74%
Irisia
74%
Ébénelle
72%
Écorcia
72%
Ténèbres Marion
70%
Acajou
67%
Plateau Indigo
54%
Essaim
43%
Zéphir
40%
Plaine
38%
Lever
32%
Glacier
31%
Minéral
26%
Choc
25%
Brume
22%
Aucun quiz correspondant
Distribution des résultats
% des personnes avec chaque résultat
Percentile par nombre de réponses
Votre historique - résultats
Vous n’avez pas pris ce quiz depuis la dernière actualisation